Southville International School and Colleges
Your cart is empty.
  • Cart
  • Lists
    Public lists Eva Luna New books Lux_list list_1
    Your lists Log in to create your own lists
  • Log in to your account
  • Your cookies
  • Search history
Southville International School and Colleges
  • Advanced search
  • Recent comments
  • Most popular
  • Libraries

Log in to your account

Log in with GOOGLE


If you do not have an external account, but do have a local account, you can still log in:

  1. Home
  2. MARC view: An Introduction to theory and reasoning in nursing. /
Normal view MARC view ISBD view

An Introduction to theory and reasoning in nursing. / (Record no. 25313)

[ view plain ]
MARC details
000 -LEADER
fixed length control field 00656nam a2200229 a 4500
005 - DATE AND TIME OF LATEST TRANSACTION
control field 20140310183615.0
008 - FIXED-LENGTH DATA ELEMENTS--GENERAL INFORMATION
fixed length control field 120831s19uu xx 00 eng d
020 ## - INTERNATIONAL STANDARD BOOK NUMBER
International Standard Book Number 9780781791038
050 ## - LIBRARY OF CONGRESS CALL NUMBER
Classification number RT 84.5
Item number .J637 2010
100 ## - MAIN ENTRY--PERSONAL NAME
Personal name Johnson, Betty M.
245 ## - TITLE STATEMENT
Title An Introduction to theory and reasoning in nursing. /
Statement of responsibility, etc Betty M. Johnson
250 ## - EDITION STATEMENT
Edition statement 3rd ed.
260 ## - PUBLICATION, DISTRIBUTION, ETC. (IMPRINT)
Place of publication, distribution, etc Philadelphia :
Name of publisher, distributor, etc Wolter Kluwer,
Date of publication, distribution, etc 2010.
300 ## - PHYSICAL DESCRIPTION
Extent 325 p. :
Other physical details ill. col. ;
Dimensions 22 cm.
500 ## - GENERAL NOTE
General note Includes index.
521 ## - TARGET AUDIENCE NOTE
Target audience note
650 ## - SUBJECT ADDED ENTRY--TOPICAL TERM
Topical term or geographic name as entry element Nursing theory
650 ## - SUBJECT ADDED ENTRY--TOPICAL TERM
Topical term or geographic name as entry element Philosophy, Nursing
700 ## - ADDED ENTRY--PERSONAL NAME
Personal name Webber, Pamela B.
942 ## - ADDED ENTRY ELEMENTS (KOHA)
Koha item type Books
Source of classification or shelving scheme Library of Congress Classification
Call number prefix Foreign
Holdings
Withdrawn status Lost status Source of classification or shelving scheme Damaged status Home library Current library Shelving location Date acquired Total Checkouts Full call number Barcode Date last seen Copy number Price effective from Koha item type
    Library of Congress Classification   College Library College Library General Circulation Section 08/31/2012   RT 84.5 .J637 2010 C15332 05/15/2018 1 10/18/2013 Books

An Introduction to theory and reasoning in nursing. /

APA

Johnson B. M., Webber P. B., . (2010). An Introduction to theory and reasoning in nursing. Philadelphia: Wolter Kluwer.

Chicago

Johnson Betty M, Webber Pamela B, . 2010. An Introduction to theory and reasoning in nursing. Philadelphia: Wolter Kluwer.

Harvard

Johnson B. M., Webber P. B., . (2010). An Introduction to theory and reasoning in nursing. Philadelphia: Wolter Kluwer.

MLA

Johnson Betty M, Webber Pamela B, . An Introduction to theory and reasoning in nursing. Philadelphia: Wolter Kluwer. 2010.

  • Place hold
  • Print
  • Cite
  • Add to your cart (remove)
  • Save record
    BIBTEX Dublin Core MARCXML MARC (non-Unicode/MARC-8) MARC (Unicode/UTF-8) MARC (Unicode/UTF-8, Standard) MODS (XML) RIS
  • More searches
    Search for this title in:
    Other Libraries (WorldCat) Other Databases (Google Scholar) Online Stores (Bookfinder.com) Open Library (openlibrary.org)

Exporting to Dublin Core...

SOUTHVILLE LIBRARY

Southville International School and Colleges Library

1281 Tropical Ave. Cor. Luxembourg St., BF Homes International, Las Pinas City

Tel. No. 8256374 / 252358 Loc. 117/146

Powered by Koha